Statistics for Name the Countries on this Map #2

Click here to take the quiz!

General Stats

  • This quiz has been taken 672 times
  • The average score is 17 of 19

Answer Stats

Country% Correct
Mali
95%
Niger
95%
Guinea
94%
Senegal
94%
Cape Verde
93%
Côte d’Ivoire
93%
Gambia
93%
Ghana
93%
Mauritania
93%
Nigeria
93%
Togo
92%
Benin
91%
Brazil
91%
Guinea-Bissau
91%
Liberia
91%
Sierra Leone
91%
Burkina Faso
90%
São Tomé and Príncipe
85%
France
63%

Score Distribution

Percentile by Number Answered

Percent of People with Each Score

Your Score History

You have not taken this quiz